| 000 | 00397nam a2200181Ia 4500 | ||
|---|---|---|---|
| 003 | IT-RoPAU | ||
| 008 | 120407s9999 xx 000 0 und d | ||
| 040 | _aIT-RoPAU | ||
| 040 | _cIT-RoPAU | ||
| 245 | _aCalendario atlante dal 1919 al 2002 | ||
| 245 | _cAA.VV. | ||
| 250 | _aNovara | ||
| 260 | _aDe Agostini | ||
| 300 | _c cm | ||
| 490 | _v20 | ||
| 600 | _amancano degli anni | ||
| 942 | _cBK | ||
| 999 |
_c2297 _d2297 |
||